Answers Contain "Eve" - Statistics

General Stats
  • This quiz has been taken 346 times
  • The average score is 8 of 20
Answer Stats
Hint Answer % Correct
Santa's busiest night of the year Christmas Eve
100%
Garden of Eden couple Adam and Eve
94%
Polite greeting after sunset good evening
92%
Tallest mountain on Earth Mount Everest
87%
The last day of the year New Year's Eve
83%
Long frock for formal occasions evening dress/gown
61%
Halloween by another name All Saints'/Hallows' Eve
57%
Hand/forearm garments to go with above evening gloves
44%
Sandra Oh, Jodie Comer TV spy thriller Killing Eve
34%
Bette Davis Best Picture movie (1950) All About Eve
32%
CBS flagship current affairs show CBS Evening News
26%
Free daily newspaper in London Evening Standard
24%
"All I Have to Do Is Dream" singers The Everly Brothers
24%
Author of Brideshead Revisited Evelyn Waugh
23%
Sunset church service for psalm singing evensong
20%
Song from South Pacific musical Some Enchanted Evening
15%
Secretary in recent James Bond movies Eve Moneypenny
12%
Our closest common matrilineal ancestor Mitochondrial Eve
5%
She's Out Of My League actress Alice Eve
4%
US tobacco brand aimed at women Eve Cigarettes
1%
No matching quizzes found
Score Distribution
Percent of People with Each Score
Percentile by Number Answered
Your Score History
You have not taken this quiz